[Event "WCO 2016"]
[Site "?"]
[Date "2016.09.11"]
[Round "9"]
[Board "31"]
[WhiteID "3603806"]
[White "Romero Echeverria Abigail"]
[BlackID "1620550"]
[Black "Exler Veronika"]
[Result "1/2-1/2"]
[BlackElo "2220"]
[WhiteElo "2106"]
[LiveChessVersion "1.4.8"]

1. e4 {[%clk 1:30:45]} e5 {[%clk 1:30:56]} 2. Nf3 {[%clk 1:31:10]} Nc6
{[%clk 1:31:23]} 3. Nc3 {[%clk 1:31:35]} Nf6 {[%clk 1:31:46]} 4. d4
{[%clk 1:32:00]} exd4 {[%clk 1:32:12]} 5. Nxd4 {[%clk 1:32:26]} Bb4
{[%clk 1:32:34]} 6. Nxc6 {[%clk 1:32:49]} bxc6 {[%clk 1:32:59]} 7. Bd3
{[%clk 1:33:16]} d5 {[%clk 1:33:02]} 8. exd5 {[%clk 1:33:40]} cxd5
{[%clk 1:33:28]} 9. Qe2+ {[%clk 1:34:07]} Be7 {[%clk 1:20:18]} 10. Bg5
{[%clk 1:34:27]} O-O {[%clk 1:20:09]} 11. O-O-O {[%clk 1:34:27]} c6
{[%clk 1:19:08]} 12. Rhe1 {[%clk 1:32:51]} Be6 {[%clk 1:17:02]} 13. Bf5
{[%clk 1:26:49]} Bxf5 {[%clk 1:14:55]} 14. Qxe7 {[%clk 1:27:13]} Qxe7
{[%clk 1:14:54]} 15. Rxe7 {[%clk 1:27:41]} Nd7 {[%clk 0:54:36]} 16. Ne2
{[%clk 1:04:45]} Nb6 {[%clk 0:45:46]} 17. Nd4 {[%clk 1:04:51]} Bd7
{[%clk 0:46:05]} 18. Nb3 {[%clk 1:03:24]} Rfe8 {[%clk 0:43:33]} 19. Rde1
{[%clk 1:00:18]} Kf8 {[%clk 0:34:21]} 20. Kd2 {[%clk 0:39:33]} f6
{[%clk 0:33:52]} 21. Rxe8+ {[%clk 0:39:39]} Rxe8 {[%clk 0:33:46]} 22. Rxe8+
{[%clk 0:40:04]} Kxe8 {[%clk 0:34:09]} 23. Be3 {[%clk 0:34:14]} Nc4+
{[%clk 0:34:28]} 24. Kc3 {[%clk 0:34:30]} Nxe3 {[%clk 0:22:20]} 25. fxe3
{[%clk 0:34:59]} Ke7 {[%clk 0:22:39]} 26. Kd4 {[%clk 0:34:07]} Kd6
{[%clk 0:23:02]} 27. Nc5 {[%clk 0:33:07]} Bf5 {[%clk 0:22:22]} 28. c3
{[%clk 0:33:29]} h5 {[%clk 0:22:03]} 29. a4 {[%clk 0:30:54]} Kc7 {[%clk 0:16:20]}
30. a5 {[%clk 0:29:30]} Kd6 {[%clk 0:16:23]} 31. b4 {[%clk 0:29:29]} Bc2
{[%clk 0:15:35]} 32. g3 {[%clk 0:28:45]} Bf5 {[%clk 0:14:55]} 33. Nb3
{[%clk 0:22:32]} Be6 {[%clk 0:12:13]} 34. Nc5 {[%clk 0:17:06]} Bf5
{[%clk 0:12:37]} 35. h4 {[%clk 0:16:01]} g6 {[%clk 0:07:55]} 36. Nb3
{[%clk 0:15:29]} Be6 {[%clk 0:08:06]} 37. Nd2 {[%clk 0:15:48]} Bf5
{[%clk 0:07:13]} 38. e4 {[%clk 0:08:34]} Bxe4 {[%clk 0:07:20]} 39. Nxe4+
{[%clk 0:08:57]} dxe4 {[%clk 0:07:46]} 40. Kxe4 {[%clk 0:39:23]} Ke6
{[%clk 0:31:04]} 41. c4 {[%clk 0:37:39]} Kd6 {[%clk 0:30:32]} 42. Kf4
{[%clk 0:36:09]} a6 {[%clk 0:23:43]} 43. Ke4 {[%clk 0:31:32]} Kc7
{[%clk 0:21:51]} 44. Kd4 {[%clk 0:24:35]} Kd6 {[%clk 0:22:03]} 45. Ke4
{[%clk 0:24:59]} Kc7 {[%clk 0:22:29]} 46. Kd4 {[%clk 0:24:36]} Kd6
{[%clk 0:22:53]} 47. Ke4 {[%clk 0:23:32]} 1/2-1/2

[Event "WCO 2016"]
[Site "?"]
[Date "2016.09.11"]
[Round "9"]
[Board "32"]
[WhiteID "1625268"]
[White "Schnegg Anna-Lena"]
[BlackID "3503844"]
[Black "Bosch Garcia Jacqueline"]
[Result "1/2-1/2"]
[BlackElo "2011"]
[WhiteElo "2133"]
[LiveChessVersion "1.4.8"]

1. e4 {[%clk 1:30:55]} e5 {[%clk 1:30:57]} 2. Nf3 {[%clk 1:31:15]} Nc6
{[%clk 1:31:22]} 3. Bb5 {[%clk 1:31:34]} a6 {[%clk 1:31:48]} 4. Ba4
{[%clk 1:31:54]} d6 {[%clk 1:32:13]} 5. c3 {[%clk 1:28:28]} Bd7 {[%clk 1:31:40]}
6. O-O {[%clk 1:26:20]} g6 {[%clk 1:31:59]} 7. d4 {[%clk 1:25:25]} Bg7
{[%clk 1:32:21]} 8. Bg5 {[%clk 1:14:22]} Nge7 {[%clk 1:29:12]} 9. d5
{[%clk 1:12:56]} Nb8 {[%clk 1:29:28]} 10. c4 {[%clk 1:07:24]} O-O
{[%clk 1:29:34]} 11. Nc3 {[%clk 1:06:21]} h6 {[%clk 1:28:10]} 12. Be3
{[%clk 1:03:40]} f5 {[%clk 1:27:37]} 13. exf5 {[%clk 0:54:33]} gxf5
{[%clk 1:23:29]} 14. Bc2 {[%clk 0:49:12]} f4 {[%clk 1:06:18]} 15. Bc1
{[%clk 0:40:07]} Bg4 {[%clk 1:03:44]} 16. Qd3 {[%clk 0:38:44]} Bf5
{[%clk 1:03:24]} 17. Ne4 {[%clk 0:37:33]} Nd7 {[%clk 1:01:56]} 18. Nfd2
{[%clk 0:34:15]} Qe8 {[%clk 0:44:23]} 19. Kh1 {[%clk 0:29:12]} Qg6
{[%clk 0:40:00]} 20. Qe2 {[%clk 0:23:19]} Kh8 {[%clk 0:39:31]} 21. Nf3
{[%clk 0:18:03]} Qh5 {[%clk 0:33:12]} 22. Nd4 {[%clk 0:09:10]} Qxe2
{[%clk 0:24:22]} 23. Nxe2 {[%clk 0:09:35]} Nf6 {[%clk 0:21:05]} 24. N2c3
{[%clk 0:09:03]} Nxe4 {[%clk 0:08:19]} 25. Bxe4 {[%clk 0:08:35]} c6
{[%clk 0:07:13]} 26. Rd1 {[%clk 0:05:03]} Rfd8 {[%clk 0:07:32]} 27. b3
{[%clk 0:04:07]} c5 {[%clk 0:03:36]} 28. f3 {[%clk 0:01:40]} Bxe4
{[%clk 0:03:26]} 29. Nxe4 {[%clk 0:01:22]} b5 {[%clk 0:03:01]} 30. a4
{[%clk 0:00:47]} bxc4 {[%clk 0:01:21]} 31. bxc4 {[%clk 0:01:15]} Rab8
{[%clk 0:01:39]} 32. Bd2 {[%clk 0:01:23]} Nf5 {[%clk 0:01:26]} 33. Rab1
{[%clk 0:01:05]} Bf8 {[%clk 0:01:06]} 34. Ba5 {[%clk 0:00:55]} Rdc8
{[%clk 0:01:20]} 35. Bd2 {[%clk 0:00:41]} Kg7 {[%clk 0:01:30]} 36. Kg1
{[%clk 0:01:04]} Kf7 {[%clk 0:01:19]} 37. Kf2 {[%clk 0:01:28]} Be7
{[%clk 0:01:02]} 38. g3 {[%clk 0:00:44]} fxg3+ {[%clk 0:00:35]} 39. hxg3
{[%clk 0:01:08]} h5 {[%clk 0:00:40]} 40. Rh1 {[%clk 0:30:59]} h4 {[%clk 0:30:35]}
41. gxh4 {[%clk 0:21:38]} Bxh4+ {[%clk 0:29:50]} 42. Ke2 {[%clk 0:21:20]} Bf6
{[%clk 0:20:10]} 43. Rbg1 {[%clk 0:16:12]} Rh8 {[%clk 0:19:51]} 44. Rxh8
{[%clk 0:14:03]} Rxh8 {[%clk 0:17:26]} 45. f4 {[%clk 0:06:02]} Rh2+
{[%clk 0:14:45]} 46. Kd3 {[%clk 0:04:38]} Rh3+ {[%clk 0:11:04]} 47. Kc2
{[%clk 0:04:46]} Nd4+ {[%clk 0:09:50]} 48. Kb1 {[%clk 0:03:46]} Nf3
{[%clk 0:02:56]} 49. Rf1 {[%clk 0:02:42]} Nxd2+ {[%clk 0:02:24]} 50. Nxd2
{[%clk 0:03:10]} exf4 {[%clk 0:02:15]} 51. Rxf4 {[%clk 0:03:04]} Kg6
{[%clk 0:02:34]} 52. Rf3 {[%clk 0:01:23]} Rh1+ {[%clk 0:02:34]} 53. Rf1
{[%clk 0:01:28]} Rh2 {[%clk 0:02:07]} 54. Ne4 {[%clk 0:00:48]} Be5
{[%clk 0:02:29]} 55. Rf2 {[%clk 0:01:02]} Rh4 {[%clk 0:02:42]} 56. Re2
{[%clk 0:00:41]} Kf5 {[%clk 0:02:54]} 57. Nd2 {[%clk 0:00:54]} Rh3
{[%clk 0:01:35]} 58. Rf2+ {[%clk 0:00:50]} Kg4 {[%clk 0:01:28]} 59. Kc2
{[%clk 0:00:35]} Rc3+ {[%clk 0:01:33]} 60. Kd1 {[%clk 0:00:45]} Ra3
{[%clk 0:01:46]} 61. Rg2+ {[%clk 0:00:54]} Kf5 {[%clk 0:02:00]} 62. Rf2+
{[%clk 0:00:44]} Bf4 {[%clk 0:01:56]} 63. Kc2 {[%clk 0:00:34]} Rxa4
{[%clk 0:02:05]} 64. Kb3 {[%clk 0:00:34]} Ra1 {[%clk 0:02:05]} 65. Nf1
{[%clk 0:00:33]} Re1 {[%clk 0:01:30]} 66. Ka4 {[%clk 0:00:33]} Ra1+
{[%clk 0:01:42]} 67. Kb3 {[%clk 0:00:58]} Kg4 {[%clk 0:01:53]} 68. Nh2+
{[%clk 0:01:09]} Kg3 {[%clk 0:01:23]} 69. Rf3+ {[%clk 0:01:16]} Kxh2
{[%clk 0:01:33]} 70. Rxf4 {[%clk 0:01:45]} Kg3 {[%clk 0:00:38]} 71. Rf6
{[%clk 0:02:03]} Rb1+ {[%clk 0:00:38]} 72. Ka4 {[%clk 0:02:11]} Ra1+
{[%clk 0:00:39]} 73. Kb3 {[%clk 0:02:39]} Rb1+ {[%clk 0:00:39]} 74. Ka4
{[%clk 0:03:08]} Ra1+ {[%clk 0:00:41]} 75. Kb3 {[%clk 0:03:24]} Rb1+
{[%clk 0:00:48]} 1/2-1/2

[Event "WCO 2016"]
[Site "?"]
[Date "2016.09.11"]
[Round "9"]
[Board "29"]
[WhiteID "13505211"]
[White "Ziaziulkina Nastassia"]
[BlackID "505161"]
[Black "Zhou Qiyu"]
[Result "1/2-1/2"]
[BlackElo "2367"]
[WhiteElo "2382"]
[LiveChessVersion "1.4.8"]

1. e4 {[%clk 1:30:56]} e5 {[%clk 1:30:53]} 2. Nf3 {[%clk 1:31:20]} Nc6
{[%clk 1:31:20]} 3. Bb5 {[%clk 1:31:46]} a6 {[%clk 1:31:46]} 4. Ba4
{[%clk 1:32:11]} Nf6 {[%clk 1:32:12]} 5. O-O {[%clk 1:32:35]} Be7
{[%clk 1:32:28]} 6. Re1 {[%clk 1:32:57]} b5 {[%clk 1:32:52]} 7. Bb3
{[%clk 1:33:22]} d6 {[%clk 1:33:17]} 8. c3 {[%clk 1:33:41]} O-O {[%clk 1:33:42]}
9. h3 {[%clk 1:33:48]} Nb8 {[%clk 1:34:04]} 10. d4 {[%clk 1:33:42]} Nbd7
{[%clk 1:34:28]} 11. Nbd2 {[%clk 1:33:52]} Bb7 {[%clk 1:34:51]} 12. Bc2
{[%clk 1:33:59]} Re8 {[%clk 1:35:09]} 13. Nf1 {[%clk 1:33:45]} Bf8
{[%clk 1:34:57]} 14. Ng3 {[%clk 1:33:33]} g6 {[%clk 1:35:12]} 15. a4
{[%clk 1:33:38]} c6 {[%clk 1:34:42]} 16. Be3 {[%clk 1:23:43]} Qc7
{[%clk 1:32:59]} 17. Qd2 {[%clk 1:16:49]} Bg7 {[%clk 1:32:56]} 18. Bh6
{[%clk 1:15:38]} Bh8 {[%clk 1:30:51]} 19. Rad1 {[%clk 1:01:40]} Rad8
{[%clk 1:23:19]} 20. Ng5 {[%clk 0:49:32]} d5 {[%clk 1:17:14]} 21. axb5
{[%clk 0:48:30]} axb5 {[%clk 1:16:18]} 22. Bb3 {[%clk 0:47:09]} c5
{[%clk 1:04:00]} 23. dxe5 {[%clk 0:33:23]} Nxe5 {[%clk 1:01:38]} 24. Qf4
{[%clk 0:32:35]} c4 {[%clk 0:59:22]} 25. Bc2 {[%clk 0:32:18]} dxe4
{[%clk 0:55:39]} 26. N5xe4 {[%clk 0:22:41]} Nxe4 {[%clk 0:53:59]} 27. Bxe4
{[%clk 0:15:54]} Rxd1 {[%clk 0:45:49]} 28. Rxd1 {[%clk 0:16:12]} Bxe4
{[%clk 0:45:29]} 29. Qxe4 {[%clk 0:12:05]} Rd8 {[%clk 0:40:37]} 30. Rxd8+
{[%clk 0:09:28]} Qxd8 {[%clk 0:41:01]} 31. Qb7 {[%clk 0:09:53]} Qe8
{[%clk 0:31:52]} 32. Ne4 {[%clk 0:10:04]} Bg7 {[%clk 0:29:14]} 33. Be3
{[%clk 0:05:02]} Nd3 {[%clk 0:27:11]} 34. Nd6 {[%clk 0:05:26]} Qf8
{[%clk 0:26:54]} 35. Nxb5 {[%clk 0:05:45]} Nxb2 {[%clk 0:27:12]} 36. Qc7
{[%clk 0:04:47]} h5 {[%clk 0:22:13]} 37. Qd7 {[%clk 0:02:17]} Bf6
{[%clk 0:17:22]} 38. Bd4 {[%clk 0:01:08]} Bxd4 {[%clk 0:12:19]} 39. Qxd4
{[%clk 0:01:20]} 1/2-1/2

[Event "WCO 2016"]
[Site "?"]
[Date "2016.09.11"]
[Round "9"]
[Board "30"]
[WhiteID "8604541"]
[White "Yuan Yuanling"]
[BlackID "13505300"]
[Black "Stetsko Lanita"]
[Result "1/2-1/2"]
[BlackElo "2170"]
[WhiteElo "2205"]
[LiveChessVersion "1.4.8"]

1. e4 {[%clk 1:30:49]} e5 {[%clk 1:30:42]} 2. Nf3 {[%clk 1:31:14]} Nc6
{[%clk 1:31:05]} 3. Bb5 {[%clk 1:31:38]} a6 {[%clk 1:31:29]} 4. Ba4
{[%clk 1:32:03]} Nf6 {[%clk 1:31:47]} 5. O-O {[%clk 1:32:23]} Be7
{[%clk 1:32:03]} 6. Re1 {[%clk 1:32:44]} b5 {[%clk 1:32:22]} 7. Bb3
{[%clk 1:33:10]} d6 {[%clk 1:32:35]} 8. c3 {[%clk 1:33:26]} O-O {[%clk 1:32:54]}
9. h3 {[%clk 1:33:49]} Na5 {[%clk 1:32:56]} 10. Bc2 {[%clk 1:34:10]} c5
{[%clk 1:33:12]} 11. d4 {[%clk 1:34:32]} Nd7 {[%clk 1:33:30]} 12. Nbd2
{[%clk 1:33:27]} cxd4 {[%clk 1:33:39]} 13. cxd4 {[%clk 1:33:46]} Nc6
{[%clk 1:33:50]} 14. d5 {[%clk 1:24:19]} Nb4 {[%clk 1:33:00]} 15. Bb1
{[%clk 1:24:32]} a5 {[%clk 1:32:40]} 16. a3 {[%clk 1:23:19]} Na6 {[%clk 1:33:00]}
17. b4 {[%clk 1:19:02]} Nb6 {[%clk 1:30:27]} 18. bxa5 {[%clk 1:02:32]} Na4
{[%clk 1:28:39]} 19. Nb3 {[%clk 1:01:24]} Nc3 {[%clk 1:22:45]} 20. Qd3
{[%clk 1:00:40]} Nxb1 {[%clk 1:21:16]} 21. Rxb1 {[%clk 1:00:44]} f5
{[%clk 1:20:03]} 22. Nfd2 {[%clk 0:47:52]} Bh4 {[%clk 0:55:13]} 23. Re2
{[%clk 0:42:51]} Qe8 {[%clk 0:43:03]} 24. Bb2 {[%clk 0:35:24]} fxe4
{[%clk 0:30:16]} 25. Nxe4 {[%clk 0:33:28]} Bf5 {[%clk 0:30:33]} 26. Bc3
{[%clk 0:18:51]} Rc8 {[%clk 0:28:48]} 27. Be1 {[%clk 0:16:53]} Qg6
{[%clk 0:26:35]} 28. Qe3 {[%clk 0:14:28]} Rc4 {[%clk 0:20:58]} 29. Nbd2
{[%clk 0:12:34]} Rd4 {[%clk 0:19:53]} 30. Rc1 {[%clk 0:07:15]} Nc5
{[%clk 0:14:39]} 31. Nxc5 {[%clk 0:06:37]} Bg5 {[%clk 0:12:54]} 32. Qc3
{[%clk 0:03:36]} dxc5 {[%clk 0:12:58]} 33. Qb3 {[%clk 0:01:21]} Qh6
{[%clk 0:08:07]} 34. Qb2 {[%clk 0:00:54]} Bxh3 {[%clk 0:07:47]} 35. Rc3
{[%clk 0:00:40]} Bg4 {[%clk 0:07:08]} 36. f3 {[%clk 0:01:01]} Bf5
{[%clk 0:05:05]} 37. Nf1 {[%clk 0:00:44]} Bd3 {[%clk 0:04:53]} 38. Rxd3
{[%clk 0:00:59]} Rxd3 {[%clk 0:05:16]} 39. Qxb5 {[%clk 0:01:08]} Qg6
{[%clk 0:02:19]} 40. Bg3 {[%clk 0:30:38]} Bf4 {[%clk 0:30:47]} 41. Re4
{[%clk 0:26:56]} Rxd5 {[%clk 0:11:15]} 42. Qc4 {[%clk 0:21:29]} Qe6
{[%clk 0:07:25]} 43. Be1 {[%clk 0:20:14]} Qf7 {[%clk 0:06:35]} 44. Ne3
{[%clk 0:16:33]} Rd4 {[%clk 0:05:37]} 45. Qxc5 {[%clk 0:15:23]} Qg6
{[%clk 0:03:31]} 46. Nd5 {[%clk 0:14:12]} Qh6 {[%clk 0:01:48]} 47. Ne7+
{[%clk 0:10:12]} Kf7 {[%clk 0:01:38]} 48. Nf5 {[%clk 0:10:31]} Qg5
{[%clk 0:00:48]} 49. Nxd4 {[%clk 0:10:27]} exd4 {[%clk 0:00:36]} 50. Qc4+
{[%clk 0:09:03]} Kg6 {[%clk 0:01:00]} 51. Qxd4 {[%clk 0:09:14]} h5
{[%clk 0:00:37]} 52. Qd3 {[%clk 0:06:54]} Kh6 {[%clk 0:00:35]} 53. a6
{[%clk 0:02:26]} Qc5+ {[%clk 0:00:40]} 54. Bf2 {[%clk 0:02:46]} Qc1+
{[%clk 0:00:37]} 55. Re1 {[%clk 0:03:14]} Qc6 {[%clk 0:00:50]} 56. a7
{[%clk 0:03:17]} g6 {[%clk 0:00:54]} 57. Be3 {[%clk 0:02:00]} Bxe3+
{[%clk 0:00:42]} 58. Qxe3+ {[%clk 0:02:25]} Kg7 {[%clk 0:01:04]} 59. Qe7+
{[%clk 0:02:12]} Rf7 {[%clk 0:01:31]} 60. Qe5+ {[%clk 0:02:19]} Kh7
{[%clk 0:01:41]} 61. Qd4 {[%clk 0:02:05]} Qa8 {[%clk 0:01:07]} 62. Qc5
{[%clk 0:01:00]} Qxa7 {[%clk 0:01:19]} 63. Qxa7 {[%clk 0:01:27]} Rxa7
{[%clk 0:01:47]} 64. Re3 {[%clk 0:01:51]} Ra4 {[%clk 0:01:31]} 65. Kf2
{[%clk 0:01:55]} h4 {[%clk 0:01:05]} 66. Ke2 {[%clk 0:02:00]} Kh6
{[%clk 0:00:53]} 67. Kd2 {[%clk 0:02:20]} Kg5 {[%clk 0:01:07]} 68. Kc2
{[%clk 0:01:27]} Kf4 {[%clk 0:00:52]} 69. Rd3 {[%clk 0:00:57]} Kg3
{[%clk 0:01:04]} 70. Kb3 {[%clk 0:00:58]} Ra8 {[%clk 0:00:46]} 71. Rd2
{[%clk 0:01:08]} Rf8 {[%clk 0:00:46]} 72. a4 {[%clk 0:01:02]} 1/2-1/2

[Event "WCO 2016"]
[Site "?"]
[Date "2016.09.11"]
[Round "9"]
[Board "31"]
[WhiteID "13509926"]
[White "Badelka Olga"]
[BlackID "2603365"]
[Black "Botez Alexandra"]
[Result "1-0"]
[BlackElo "2092"]
[WhiteElo "2222"]
[LiveChessVersion "1.4.8"]

1. d4 {[%clk 1:30:57]} Nf6 {[%clk 1:30:49]} 2. c4 {[%clk 1:31:22]} e6
{[%clk 1:31:14]} 3. Nc3 {[%clk 1:31:45]} Bb4 {[%clk 1:31:37]} 4. e3
{[%clk 1:32:08]} O-O {[%clk 1:31:56]} 5. Nge2 {[%clk 1:32:34]} d5
{[%clk 1:32:13]} 6. cxd5 {[%clk 1:32:52]} exd5 {[%clk 1:32:37]} 7. g3
{[%clk 1:33:16]} c6 {[%clk 1:32:33]} 8. Bg2 {[%clk 1:33:38]} Re8 {[%clk 1:32:45]}
9. O-O {[%clk 1:33:53]} a5 {[%clk 1:32:16]} 10. Qc2 {[%clk 1:33:47]} Na6
{[%clk 1:31:28]} 11. f3 {[%clk 1:32:41]} c5 {[%clk 1:30:33]} 12. a3
{[%clk 1:30:24]} cxd4 {[%clk 1:29:51]} 13. exd4 {[%clk 1:24:36]} Bf8
{[%clk 1:28:43]} 14. Bg5 {[%clk 1:22:16]} Nc7 {[%clk 1:26:38]} 15. Rad1
{[%clk 1:20:46]} Bd7 {[%clk 1:22:51]} 16. Nf4 {[%clk 1:15:27]} Bc6
{[%clk 1:20:01]} 17. Nd3 {[%clk 1:13:44]} Nb5 {[%clk 1:12:23]} 18. Nxb5
{[%clk 1:04:04]} Bxb5 {[%clk 1:12:47]} 19. Bh3 {[%clk 0:50:56]} Qb6
{[%clk 1:07:55]} 20. Qf2 {[%clk 0:46:16]} g6 {[%clk 0:56:51]} 21. Bf4
{[%clk 0:42:52]} Nh5 {[%clk 0:55:40]} 22. Be3 {[%clk 0:41:08]} Bg7
{[%clk 0:55:10]} 23. Kh1 {[%clk 0:41:05]} Rxe3 {[%clk 0:45:48]} 24. Qxe3
{[%clk 0:41:27]} Re8 {[%clk 0:45:33]} 25. Qd2 {[%clk 0:40:17]} Bxd4
{[%clk 0:38:25]} 26. Rfe1 {[%clk 0:40:03]} Be3 {[%clk 0:38:41]} 27. Qc2
{[%clk 0:37:46]} Qd6 {[%clk 0:34:37]} 28. b4 {[%clk 0:27:33]} Bc6
{[%clk 0:28:13]} 29. Nc5 {[%clk 0:21:51]} axb4 {[%clk 0:27:43]} 30. Ne4
{[%clk 0:16:17]} Qf8 {[%clk 0:25:15]} 31. Rxe3 {[%clk 0:15:08]} dxe4
{[%clk 0:25:30]} 32. fxe4 {[%clk 0:12:51]} Nxg3+ {[%clk 0:22:20]} 33. hxg3
{[%clk 0:11:49]} Qh6 {[%clk 0:22:44]} 34. Rde1 {[%clk 0:10:06]} Qxh3+
{[%clk 0:23:02]} 35. Kg1 {[%clk 0:10:34]} bxa3 {[%clk 0:22:46]} 36. Rxa3
{[%clk 0:10:29]} Qe6 {[%clk 0:21:48]} 37. Rae3 {[%clk 0:09:38]} Ra8
{[%clk 0:22:06]} 38. Qb3 {[%clk 0:09:07]} Qd7 {[%clk 0:12:02]} 39. Rd3
{[%clk 0:05:52]} Qe7 {[%clk 0:10:46]} 40. Rde3 {[%clk 0:35:30]} Ra5
{[%clk 0:39:20]} 41. Rf1 {[%clk 0:33:59]} Re5 {[%clk 0:34:49]} 42. Rfe1
{[%clk 0:27:28]} Kg7 {[%clk 0:28:48]} 43. Qc3 {[%clk 0:26:47]} Kg8
{[%clk 0:19:00]} 44. Qb3 {[%clk 0:26:16]} b5 {[%clk 0:18:47]} 45. Qc2
{[%clk 0:23:57]} Qe6 {[%clk 0:16:43]} 46. Qd3 {[%clk 0:21:57]} h5
{[%clk 0:14:23]} 47. Qd8+ {[%clk 0:21:10]} Kg7 {[%clk 0:14:08]} 48. Qd4
{[%clk 0:16:56]} Kh7 {[%clk 0:14:13]} 49. Kh2 {[%clk 0:14:56]} Qe7
{[%clk 0:11:27]} 50. R1e2 {[%clk 0:11:00]} Rc5 {[%clk 0:06:50]} 51. Rf2
{[%clk 0:08:27]} Rc4 {[%clk 0:03:58]} 52. Qb2 {[%clk 0:06:53]} Be8
{[%clk 0:03:53]} 53. Qe2 {[%clk 0:04:26]} Qe6 {[%clk 0:02:15]} 54. Qd3
{[%clk 0:01:48]} b4 {[%clk 0:01:52]} 55. Qb3 {[%clk 0:01:16]} Qc6
{[%clk 0:01:20]} 56. Ref3 {[%clk 0:01:06]} Qxe4 {[%clk 0:00:53]} 57. Rf4
{[%clk 0:01:04]} Rc3 {[%clk 0:00:35]} 58. Rxe4 {[%clk 0:00:51]} Rxb3
{[%clk 0:00:57]} 59. Rxe8 {[%clk 0:01:19]} Rd3 {[%clk 0:01:03]} 60. Rxf7+
{[%clk 0:01:28]} Kh6 {[%clk 0:01:28]} 61. Rb7 {[%clk 0:01:18]} b3
{[%clk 0:01:48]} 62. Kh3 {[%clk 0:00:52]} Kg5 {[%clk 0:01:47]} 63. Reb8
{[%clk 0:00:55]} Rd1 {[%clk 0:01:14]} 64. Rxb3 {[%clk 0:01:07]} Rd5
{[%clk 0:01:21]} 65. R8b5 {[%clk 0:01:31]} 1-0

[Event "WCO 2016"]
[Site "?"]
[Date "2016.09.11"]
[Round "9"]
[Board "32"]
[WhiteID "2613433"]
[White "Agbabishvili Lali"]
[BlackID "13506480"]
[Black "Revo Tatiana"]
[Result "0-1"]
[BlackElo "2087"]
[WhiteElo "2064"]
[LiveChessVersion "1.4.8"]

1. d4 {[%clk 1:30:57]} Nf6 {[%clk 1:30:53]} 2. c4 {[%clk 1:31:20]} g6
{[%clk 1:31:19]} 3. Nc3 {[%clk 1:31:43]} Bg7 {[%clk 1:31:44]} 4. e4
{[%clk 1:32:09]} d6 {[%clk 1:32:07]} 5. Be2 {[%clk 1:32:33]} O-O {[%clk 1:32:31]}
6. Bg5 {[%clk 1:32:55]} Na6 {[%clk 1:32:30]} 7. Nf3 {[%clk 1:32:04]} Qe8
{[%clk 1:32:20]} 8. O-O {[%clk 1:31:55]} e5 {[%clk 1:32:11]} 9. dxe5
{[%clk 1:31:21]} dxe5 {[%clk 1:32:23]} 10. Qc2 {[%clk 1:30:29]} h6
{[%clk 1:23:07]} 11. Bxf6 {[%clk 1:27:13]} Bxf6 {[%clk 1:23:28]} 12. Nd5
{[%clk 1:27:37]} Bg7 {[%clk 1:21:55]} 13. c5 {[%clk 1:27:48]} c6 {[%clk 1:19:32]}
14. Ne3 {[%clk 1:27:07]} Nc7 {[%clk 1:08:03]} 15. Nc4 {[%clk 1:21:31]} Qe7
{[%clk 1:00:37]} 16. Nd6 {[%clk 1:19:00]} Rb8 {[%clk 0:58:20]} 17. Nxc8
{[%clk 1:14:16]} Rbxc8 {[%clk 0:58:13]} 18. Bc4 {[%clk 1:14:36]} Kh7
{[%clk 0:53:36]} 19. b4 {[%clk 1:14:46]} f5 {[%clk 0:35:12]} 20. Rad1
{[%clk 1:06:37]} fxe4 {[%clk 0:24:43]} 21. Nd2 {[%clk 1:03:10]} e3
{[%clk 0:21:09]} 22. fxe3 {[%clk 0:59:08]} Nd5 {[%clk 0:21:25]} 23. Bxd5
{[%clk 0:53:53]} cxd5 {[%clk 0:21:49]} 24. Rxf8 {[%clk 0:50:31]} Rxf8
{[%clk 0:19:12]} 25. Rf1 {[%clk 0:46:46]} Rc8 {[%clk 0:18:37]} 26. Qb3
{[%clk 0:46:53]} b6 {[%clk 0:17:36]} 27. cxb6 {[%clk 0:38:06]} axb6
{[%clk 0:17:54]} 28. e4 {[%clk 0:36:31]} d4 {[%clk 0:17:10]} 29. Nb1
{[%clk 0:27:39]} Qb7 {[%clk 0:09:55]} 30. Qd3 {[%clk 0:27:53]} h5
{[%clk 0:08:52]} 31. a3 {[%clk 0:22:05]} Bh6 {[%clk 0:09:02]} 32. g3
{[%clk 0:22:05]} Be3+ {[%clk 0:07:48]} 33. Kg2 {[%clk 0:22:21]} Qc6
{[%clk 0:07:25]} 34. h4 {[%clk 0:16:42]} Qc2+ {[%clk 0:06:20]} 35. Qxc2
{[%clk 0:17:06]} Rxc2+ {[%clk 0:06:46]} 36. Kf3 {[%clk 0:16:51]} b5
{[%clk 0:07:06]} 37. g4 {[%clk 0:17:01]} hxg4+ {[%clk 0:07:08]} 38. Kxg4
{[%clk 0:17:24]} Kh6 {[%clk 0:07:20]} 39. a4 {[%clk 0:13:13]} bxa4
{[%clk 0:06:59]} 40. Na3 {[%clk 0:43:41]} Rc3 {[%clk 0:35:56]} 41. Nb5
{[%clk 0:41:33]} Rb3 {[%clk 0:33:57]} 42. Nd6 {[%clk 0:34:25]} Bf4
{[%clk 0:33:03]} 43. Rg1 {[%clk 0:31:24]} a3 {[%clk 0:32:18]} 44. h5
{[%clk 0:31:52]} Rg3+ {[%clk 0:29:38]} 0-1

[Event "WCO 2016"]
[Site "?"]
[Date "2016.09.11"]
[Round "9"]
[Board "1"]
[WhiteID "4402618"]
[White "Franco Valencia Beatriz Irene"]
[BlackID "7101198"]
[Black "Sihite Chelsie Monica Ignesias"]
[Result "1-0"]
[BlackElo "2199"]
[WhiteElo "2183"]
[LiveChessVersion "1.4.8"]

1. d4 {[%clk 1:30:56]} Nf6 {[%clk 1:30:40]} 2. c4 {[%clk 1:31:16]} e6
{[%clk 1:31:02]} 3. Nf3 {[%clk 1:31:38]} b6 {[%clk 1:29:43]} 4. a3
{[%clk 1:31:58]} Ba6 {[%clk 1:27:09]} 5. e3 {[%clk 1:32:16]} Be7 {[%clk 1:23:56]}
6. Bd3 {[%clk 1:32:24]} d5 {[%clk 1:21:00]} 7. b3 {[%clk 1:29:03]} c5
{[%clk 1:15:29]} 8. Bb2 {[%clk 1:28:45]} O-O {[%clk 1:09:25]} 9. Nbd2
{[%clk 1:25:39]} cxd4 {[%clk 1:02:53]} 10. exd4 {[%clk 1:25:48]} dxc4
{[%clk 1:01:31]} 11. bxc4 {[%clk 1:25:48]} Nc6 {[%clk 0:58:55]} 12. Qe2
{[%clk 1:24:55]} Rc8 {[%clk 0:57:18]} 13. O-O {[%clk 1:24:51]} Bb7
{[%clk 0:53:31]} 14. Rac1 {[%clk 1:22:53]} Rc7 {[%clk 0:51:06]} 15. Rfd1
{[%clk 1:19:05]} Qc8 {[%clk 0:50:29]} 16. d5 {[%clk 1:05:33]} exd5
{[%clk 0:39:44]} 17. cxd5 {[%clk 1:05:58]} Na5 {[%clk 0:39:44]} 18. Qe5
{[%clk 1:04:46]} Rxc1 {[%clk 0:37:45]} 19. Rxc1 {[%clk 1:05:11]} Qd8
{[%clk 0:38:05]} 20. Bb1 {[%clk 0:36:14]} Bxd5 {[%clk 0:29:39]} 21. Ng5
{[%clk 0:35:11]} Qd6 {[%clk 0:21:31]} 22. Bxh7+ {[%clk 0:28:29]} Kh8
{[%clk 0:21:53]} 23. Qc3 {[%clk 0:26:08]} Qf4 {[%clk 0:19:45]} 24. Qh3
{[%clk 0:25:16]} Qxg5 {[%clk 0:17:34]} 25. Be4+ {[%clk 0:18:13]} Nh5
{[%clk 0:17:29]} 26. Nf3 {[%clk 0:14:37]} Qh6 {[%clk 0:16:17]} 27. Bxd5
{[%clk 0:15:03]} Kg8 {[%clk 0:14:14]} 28. Re1 {[%clk 0:15:18]} Bd6
{[%clk 0:12:13]} 29. g3 {[%clk 0:14:55]} Rd8 {[%clk 0:07:48]} 30. Qh4
{[%clk 0:11:51]} Rc8 {[%clk 0:05:31]} 31. Ng5 {[%clk 0:11:02]} Nf4
{[%clk 0:05:21]} 32. Qg4 {[%clk 0:09:54]} Qxg5 {[%clk 0:04:38]} 33. Qxc8+
{[%clk 0:10:07]} Bf8 {[%clk 0:03:49]} 34. Bf3 {[%clk 0:09:10]} Ng6
{[%clk 0:02:26]} 35. Qc3 {[%clk 0:07:48]} Qd8 {[%clk 0:01:34]} 36. h4
{[%clk 0:06:59]} f6 {[%clk 0:01:29]} 37. Rd1 {[%clk 0:06:59]} Qe8
{[%clk 0:01:06]} 38. Bd5+ {[%clk 0:06:48]} Kh8 {[%clk 0:01:21]} 39. Qf3
{[%clk 0:05:14]} Ne5 {[%clk 0:01:36]} 40. Qf5 {[%clk 0:35:12]} Bc5
{[%clk 0:30:55]} 41. Be4 {[%clk 0:32:47]} Kg8 {[%clk 0:28:52]} 42. Bxe5
{[%clk 0:31:05]} Qxe5 {[%clk 0:27:47]} 43. Rd8+ {[%clk 0:31:21]} Kf7
{[%clk 0:27:31]} 44. Bd5+ {[%clk 0:31:41]} 1-0